[Event "LiSB-ch B"]
[Site "Stein"]
[Date "2002.12.07"]
[Round "5"]
[White "Heuts, John"]
[Black "Orbons, Richard"]
[Result "1/2-1/2"]
[WhiteElo "1656"]
[BlackElo "1693"]
[PlyCount "66"]
[EventDate "2002.11.30"]
[EventType "swiss"]
[EventRounds "7"]
[EventCountry "NED"]
[SourceTitle "EXT 2013"]
[Source "ChessBase"]
[SourceDate "2012.11.22"]
[SourceVersion "1"]
[SourceVersionDate "2012.11.22"]
[SourceQuality "1"]

1. c4 g6 2. Nc3 Bg7 3. g3 d6 4. Bg2 Nc6 5. e3 e5 6. Nge2 Nf6 7. 0-0 0-0 8. d3 Nd7 9. Rb1 a5 10. a3 Nc5 11. b4 axb4 12. axb4 Ne6 13. Nd5 Ne7 14. Nec3 c6 15. Nxe7+ Qxe7 16. Bb2 Nc7 17. Ra1 Be6 18. Na4 Ra6 19. Qb3 Rfa8 20. Nc3 b5 21. Rxa6 Rxa6 22. Ra1 bxc4 23. dxc4 Rxa1+ 24. Bxa1 e4 25. Bxe4 d5 26. cxd5 cxd5 27. Bg2 d4 28. Nd5 Bxd5 29. Bxd5 dxe3 30. Bxg7 e2 31. Bc3 e1Q+ 32. Bxe1 Nxd5 33. Qxd5 Qxe1+ 1/2-1/2